000 01094nam a2200313 a 4500
008
020 _a0881679151 (hbk.)
049 _aMAIN
090 _aQM507
245 0 0 _aSurgical anatomy of the temporal bone /
_cJames A. Donaldson ... [et al.].
250 _a4th ed.
260 _aNew York :
_bRaven Press,
_cc1992.
300 _axv, 546 p. :
_bill. ;
_c29 cm.
500 _aRev. ed. of: Surgical anatomy of the temporal bone / Barry J. Anson and James A. Donaldson. 3rd ed.
504 _aIncludes bibliographical references.
500 _aIncludes index.
650 0 _aEar
_xAnatomy.
650 0 _aTemporal bone
_xAnatomy.
650 2 _aEar
_xanatomy & histology.
650 2 _aTemporal Bone
_xanatomy & histology.
700 1 _aDonaldson, James A.
700 1 _aAnson, Barry Joseph,
_tSurgical anatomy of the temporal bone.
740 0 _aAnson-Donaldson surgical anatomy of the temporal bone.
907 _a.b10153202
_b12-01-07
_c22-02-05
003
005 20230120203846.0
040 _cNUST
942 _cBOOKS
_kQM507
999 _c112731
_d112731